Normal view MARC view

Entry Personal Name

Number of records used in: 3

001 - CONTROL NUMBER

  • control field: 3422

003 - CONTROL NUMBER IDENTIFIER

  • control field: OSt

005 - DATE AND TIME OF LATEST TRANSACTION

  • control field: 20220106142305.0

008 - FIXED-LENGTH DATA ELEMENTS

  • fixed length control field: 220106|| aca||aabn | a|a d

040 ## - CATALOGING SOURCE

  • Original cataloging agency: OSt
  • Transcribing agency: OSt

100 ## - HEADING--PERSONAL NAME

  • Personal name: Horstmann, Cay, S Coenell, Gary

670 ## - SOURCE DATA FOUND

  • Source citation: Work cat.: (OSt): Horstmann, Cay, S Coenell, Gary , Cove java 2 vol-II : advanced features

Powered by Koha